| 000 | 00506nam a22001817a 4500 | ||
|---|---|---|---|
| 005 | 20240422162436.0 | ||
| 008 | 240422b |||||||| |||| 00| 0 eng d | ||
| 020 | _a9781423901280 | ||
| 082 |
_a005.133 _bFAR-J |
||
| 100 | _aFarrell, Joyce | ||
| 245 |
_aJava Programming / _cJoyce, Farrell |
||
| 250 | _a4th ed. | ||
| 260 |
_aIndia: _bCengage Learning; _c2008. |
||
| 300 |
_axxiv,810 p. : _bill; _c23 cm. |
||
| 500 | _ainclude index. | ||
| 650 | _acomputer science/java programming language | ||
| 999 |
_c35574 _d35574 |
||